| 000 | 005500000a22001810004500 | ||
|---|---|---|---|
| 041 | 0 | _aSPA | |
| 082 | 0 | 4 | _aG 261 K2957c |
| 100 | 1 | _aKelly, George A. (Anthony) (1916-) | |
| 245 | 1 | 0 | _aEl cristiano ante la sociedad actual / George A. kelly ; Faustino Cervantes Ibarrola |
| 260 | _aMéxico : Trillas | ||
| 300 | _a240 Pág. | ||
| 500 | _aTítulo original : The christian role in today's society | ||
| 001 | 14373 | ||
| 942 | _cBK | ||
| 999 |
_c43245 _d43245 |
||
| 336 |
_atexto _btxt _2rdacontent |
||
| 337 |
_2rdamedia _asin mediación _bn |
||
| 338 |
_2rdacarrier _avolumen _bnc |
||